[Event "Challenge"]
[Site "http://www.queenalice.com/game.php?id=172105"]
[Date "2007.2.21"]
[Round "-"]
[White "berguette"]
[Black "Jeremy"]
[Result "1-0"]
[WhiteElo "1070"]
[BlackElo "1100"]

1. d4 d5 2. h4 Nc6 3. Na3 Nf6 4. Nf3 Bg4 5. Nd2 e6 6. b4 Bxb4 7. Nb5 O-O 8. e3
Bxd1 9. Kxd1 a6 10. Nf3 axb5 11. Bxb5 Ng4 12. Rb1 Nxf2+ 13. Ke2 Nxh1 14. Rxb4
Nxb4 15. Ne5 Qxh4 16. Kf3 1-0

[Event "Challenge"]
[Site "http://www.queenalice.com/game.php?id=172981"]
[Date "2007.2.23"]
[Round "-"]
[White "likikou"]
[Black "Jeremy"]
[Result "1-0"]
[WhiteElo "1500"]
[BlackElo "943"]

1. d3 d5 2. b3 Nf6 3. Bg5 h6 4. Bf4 Bf5 5. Nc3 Nc6 6. a4 e6 7. Nb5 e5 8. Be3
Bb4+ 9. Qd2 Bxd2+ 10. Kxd2 a6 11. Nc3 O-O 12. Kd1 Nb4 13. Nf3 d4 14. Nxd4 exd4
15. Bxd4 1-0

[Event "Challenge"]
[Site "http://www.queenalice.com/game.php?id=181052"]
[Date "2007.3.13"]
[Round "-"]
[White "berguette"]
[Black "Jeremy"]
[Result "1-0"]
[WhiteElo "1143"]
[BlackElo "923"]

1. Nf3 Nc6 2. Na3 d6 3. d4 Bf5 4. Bg5 h6 5. Qd2 Nf6 6. Bh4 e5 7. dxe5 dxe5 8.
Qc3 Bb4 9. Qd2 Bxd2+ 10. Nxd2 O-O 11. Ndc4 Qd4 12. Bg3 Qxb2 13. Nxb2 Rad8 14.
Nac4 Bxc2 15. Rc1 Be4 16. Bh4 b5 17. Na3 Nb4 18. Ra1 c6 19. f3 Bf5 20. Bxf6 Rd6
21. e3 gxf6 22. h3 1-0

[Event "Challenge"]
[Site "http://www.queenalice.com/game.php?id=181378"]
[Date "2007.3.13"]
[Round "-"]
[White "Hugo62"]
[Black "Jeremy"]
[Result "0-1"]
[WhiteElo "1107"]
[BlackElo "871"]

1. e4 e5 2. Qh5 Bc5 3. Nh3 Nf6 4. Qxe5+ Be7 5. Nc3 d6 6. Qd4 Nc6 7. Qc4 O-O 8.
Be2 Be6 9. Qa4 d5 10. f3 d4 11. Nb1 Bxh3 12. gxh3 Qd7 13. Bf1 a6 14. Rg1 b5 15.
Qb3 Nb4 16. a3 Nc6 17. h4 Bd6 18. Rg2 Qh3 19. Rg5 Qxh4+ 20. Rg3 Bxg3+ 21. hxg3
Qxg3+ 22. Ke2 Rad8 23. d3 Qh2+ 24. Kd1 Qh1 25. Nd2 Nh5 26. c3 Ng3 27. cxd4 Nxf1
28. Qc2 Ne3+ 29. Ke2 Nxc2 30. Ra2 N6xd4+ 31. Kf2 Qxc1 32. Nf1 Rd6 33. e5 Rg6 34.
a4 Qe1# 0-1

[Event "Challenge"]
[Site "http://www.queenalice.com/game.php?id=181897"]
[Date "2007.3.14"]
[Round "-"]
[White "Hugo62"]
[Black "Jeremy"]
[Result "1-0"]
[WhiteElo "1103"]
[BlackElo "951"]

1. d4 d5 2. e3 Nf6 3. b4 Bg4 4. f3 Bf5 5. Bb5+ c6 6. Ba4 Qb6 7. Nc3 Qxb4 8. Qd2
g6 9. a3 Qb6 10. Rb1 Qc7 11. Nge2 Bg7 12. Nf4 O-O 13. O-O Nbd7 14. Bb2 Nb6 15.
e4 dxe4 16. fxe4 Nxe4 17. Qe2 Nxc3 18. Bxc3 Nxa4 19. Rb3 c5 20. Qc4 Bxc2 21.
Qxa4 Bxb3 22. Qxb3 cxd4 23. Bb4 Be5 24. Nd5 Bxh2+ 25. Kh1 Qe5 26. Bxe7 Rfe8 27.
Qe3 Qxd5 28. Kxh2 Qe5+ 29. Qxe5 Rab8 30. Qxb8 d3 31. Qxe8+ Kg7 32. Qf8# 1-0

[Event "Challenge"]
[Site "http://www.queenalice.com/game.php?id=181933"]
[Date "2007.3.14"]
[Round "-"]
[White "likikou"]
[Black "Jeremy"]
[Result "1-0"]
[WhiteElo "1410"]
[BlackElo "905"]

1. e4 e5 2. Nf3 Nc6 3. c4 Nf6 4. Ng5 h6 5. Nf3 Bc5 6. Qa4 Nxe4 7. Nc3 Nxc3 8.
bxc3 O-O 9. Ba3 d6 10. Bb2 Bg4 11. h3 Bxf3 12. gxf3 Qh4 13. Rh2 e4 14. Be2 exf3
15. Bxf3 Rfe8+ 16. Kf1 a5 17. Qd1 1-0

[Event "Challenge"]
[Site "http://www.queenalice.com/game.php?id=332265"]
[Date "2008.1.7"]
[Round "-"]
[White "Gaelle"]
[Black "Jeremy"]
[Result "1-0"]
[WhiteElo "1339"]
[BlackElo "865"]

1. e4 e5 2. Bc4 Nh6 3. Qf3 Qe7 4. Nc3 Nc6 5. Nb5 Kd8 6. Nh3 a6 7. Nc3 Nb4 8. Bb3
a5 9. O-O b6 10. Nb5 c6 11. Nc3 Ba6 12. d3 c5 13. Nd5 Nxd5 14. Bxd5 Rc8 15. Ng5
f6 16. Nh3 d6 17. Qh5 g6 18. Qh4 a4 19. f4 Bg7 20. g4 g5 21. fxg5 fxg5 22. Nxg5
Bf6 23. Qxh6 Bxg5 24. Bxg5 Qxg5 25. Qxg5+ Kd7 26. Rf7+ Ke8 27. Qe7# 1-0

[Event "Challenge"]
[Site "http://www.queenalice.com/game.php?id=333993"]
[Date "2008.1.10"]
[Round "-"]
[White "Jeremy"]
[Black "Gaelle"]
[Result "1-0"]
[WhiteElo "865"]
[BlackElo "1320"]

1. Nc3 e5 2. e4 Nf6 3. Qe2 d5 4. f3 d4 5. Na4 Bb4 6. a3 Ba5 7. Qb5+ Nc6 8. Qc4
Be6 9. Qc5 Qd7 10. Qb5 a6 11. Qxb7 Rb8 12. Qxa6 g5 13. h3 Nh5 14. Ne2 f5 15. Nc5
Qe7 16. a4 Nb4 17. Kd1 Nxa6 18. Nxa6 f4 19. Nxb8 Kf7 20. Nc6 Qc5 21. Nxa5 Qxa5
22. g4 Ng3 23. Nxg3 fxg3 24. Ra3 h5 25. gxh5 Rxh5 26. Rb3 Qxa4 27. Rb7 Qc6 28.
Ra7 Rh4 29. d3 Qb6 30. Ra8 c5 31. Bxg5 Rh5 32. Bd8 Qb7 33. Ra5 Qxb2 34. Ra7+ Ke8
35. Ra8 Qb1+ 36. Ke2 Qxc2+ 37. Ke1 g2 38. Rg1 gxf1=Q+ 39. Kxf1 Qxd3+ 40. Kg2
Bxh3+ 41. Kh1 Qxf3+ 42. Kh2 Bf1+ 43. Bh4+ Kf7 44. Ra7+ Ke6 45. Rg6+ Qf6 46.
Rxf6# 1-0

[Event "Challenge"]
[Site "http://www.queenalice.com/game.php?id=336103"]
[Date "2008.1.14"]
[Round "-"]
[White "Gaelle"]
[Black "Jeremy"]
[Result "1-0"]
[WhiteElo "1343"]
[BlackElo "865"]

1. e4 e5 2. Qf3 Nh6 3. Nc3 f6 4. Nd5 c6 5. Qh5+ Nf7 6. Nc3 a6 7. Bc4 g6 8. Qh4
Nd6 9. b3 b5 10. Be2 Qe7 11. f4 h5 12. Nf3 Qe6 13. fxe5 fxe5 14. Ng5 Qe7 15. a4
b4 16. Na2 a5 17. c3 c5 18. Qf2 Qxg5 19. d4 Qe7 20. dxc5 Nxe4 21. Qe3 Qh4+ 22.
g3 Qe7 23. Qxe4 Na6 24. Qxa8 Qd8 25. Bxa6 Bxa6 26. Qxa6 Bxc5 27. Qb5 Be7 28.
Qxe5 Rf8 29. Rf1 Rxf1+ 30. Kxf1 Qc8 31. Bh6 Qa6+ 32. c4 d6 33. Qg7 Qb6 34. Re1
Qc7 35. Re4 g5 36. Qg8+ Kd7 37. Qf7 Qd8 38. Bxg5 Kc8 39. Bxe7 Qb6 40. Re6 Qd4
41. Bxd6 Qd3+ 42. Ke1 Qb1+ 43. Ke2 Qxa2+ 44. Kf1 Qa1+ 45. Ke2 Qa2+ 46. Kf1 Qa1+
47. Ke2 Qb2+ 48. Kf1 Qb1+ 49. Kg2 Qb2+ 50. Kh3 Qh8 51. Bf8 Qd4 52. Rc6+ Kb8 53.
Bd6+ Ka8 54. Rc8# 1-0

[Event "Challenge"]
[Site "http://www.queenalice.com/game.php?id=358990"]
[Date "2008.2.22"]
[Round "-"]
[White "Gaelle"]
[Black "Jeremy"]
[Result "1-0"]
[WhiteElo "1363"]
[BlackElo "865"]

1. e4 e5 2. Qf3 Nh6 3. d4 exd4 4. Bc4 Nc6 5. Bxh6 Qe7 6. Bd2 Nb4 7. Na3 h6 8.
Qb3 a5 9. Nb5 Kd8 10. Bxf7 Qxe4+ 11. Kd1 Qxg2 12. Bf4 Na6 13. Qc4 Qxh1 14. Kd2
Bb4+ 15. c3 Be7 16. Bxc7+ Nxc7 17. Qxc7# 1-0

[Event "Challenge"]
[Site "http://www.queenalice.com/game.php?id=370803"]
[Date "2008.3.14"]
[Round "-"]
[White "Gaelle"]
[Black "Jeremy"]
[Result "1-0"]
[WhiteElo "1455"]
[BlackElo "865"]

1. e4 e5 2. Nh3 Nc6 3. Qf3 Nd4 4. Qc3 c5 5. d3 Be7 6. Na3 d6 7. Nb5 Nxb5 8. Qc4
Qd7 9. Ng5 Nh6 10. g3 a6 11. Bh3 Qc7 12. Rf1 f6 13. Ne6 Qa5+ 14. Bd2 Qb6 15.
Nxg7+ Kd8 16. Bxh6 Bxh3 17. Rg1 Kc8 18. a4 Nd4 19. a5 Qc6 20. Qf7 Nf3+ 21. Ke2
Nd4+ 22. Kd2 Qc7 23. Ne8 Qd7 24. Nxf6 Qd8 25. Nxh7 Rb8 26. g4 Kd7 27. Rg3 Bxg4
28. Rxg4 Ne6 29. Nf6+ Kc6 30. Qxe6 b5 31. Nd5 Kb7 32. Nxe7 Qc7 33. Rg7 b4 34.
Qd5+ Ka7 35. Nc6+ Kb7 36. Rxc7+ Kxc7 37. Rg1 Rxh6 38. Rg7+ Kc8 39. Qg8# 1-0

[Event "Challenge"]
[Site "http://www.queenalice.com/game.php?id=391802"]
[Date "2008.4.22"]
[Round "-"]
[White "Jeremy"]
[Black "Gaelle"]
[Result "0-1"]
[WhiteElo "865"]
[BlackElo "1462"]

1. Nf3 e6 2. d4 Nc6 3. e3 Nf6 4. c3 Ne4 5. b4 b6 6. Na3 h5 7. h4 Nxc3 8. Qd3
Bxb4 9. Nc2 Nxa2+ 10. Bd2 Bxd2+ 11. Nxd2 Nab4 12. Nxb4 Nxb4 13. Qe4 c6 14. f4 f5
15. Qe5 Nc2+ 16. Ke2 Nxa1 17. Qxg7 Rf8 18. Nf3 Ba6+ 19. Kf2 b5 20. Ng5 Qa5 21.
Nh7 Qa2+ 22. Kg1 d6 23. Qxf8+ Kd7 24. Nf6+ Kc7 25. Qxa8 b4 26. Bxa6 Qxa6 27.
Ne8+ Kb6 28. Nxd6 b3 29. Qb8+ Ka5 30. Qd8+ Kb4 31. Kh2 b2 32. Qb8+ Kc3 33. Qb4+
Kxb4 34. Rb1 Kc3 35. e4 Kc2 36. Re1 b1=Q 37. Rxb1 Kxb1 38. exf5 exf5 39. Nxf5
Qd3 40. Ng7 Qg6 41. Ne8 Qxe8 42. f5 Qd8 43. f6 Qxf6 44. Kh3 Qxd4 45. g3 Qg4+ 46.
Kg2 Nc2 47. Kf2 Nd4 48. Kg2 Ne2 49. Kf1 Nxg3+ 50. Ke1 Qe2# 0-1